Historia del famoso predicador Fray Gerundio de Campazas
Guardat en:
| Autor principal: | |
|---|---|
| Format: | Llibre |
| Idioma: | espanyol |
| Publicat: |
Madrid
Nacional
1978
|
| Col·lecció: | Biblioteca de la Literatura y el Pensamiento Hispánicos
|
| Matèries: | |
| Etiquetes: |
Afegir etiqueta
Sense etiquetes, Sigues el primer a etiquetar aquest registre!
|
MARC
| LEADER | 00000nam a2200000 a 4500 | ||
|---|---|---|---|
| 001 | UCO4777 | ||
| 003 | CL-VaPUC | ||
| 008 | 000811e19780000SP |||||||||||||||||spa|d | ||
| 082 | 0 | 4 | |a 863 |b ISL |2 21 |
| 100 | |a Isla, José Francisco de |e author |9 314789 | ||
| 245 | 1 | 0 | |a Historia del famoso predicador Fray Gerundio de Campazas |
| 300 | |a v | ||
| 942 | |c BK | ||
| 945 | |d 20000811 00:00:00 |a crobeson | ||
| 260 | |a Madrid |b Nacional |c 1978 | ||
| 650 | 0 | |a Novelas españolas |9 265052 | |
| 650 | 0 | |a Literatura española |9 306261 | |
| 583 | |a last modification |c 20000811 00:00:00 |k Rodrigo Vera | ||
| 490 | 0 | |a Biblioteca de la Literatura y el Pensamiento Hispánicos | |
| 999 | |c 290772 |d 290770 | ||
| 952 | |0 0 |1 0 |4 0 |6 863_000000000000000_ISL_1978 |7 0 |8 A |9 340344 |a BIBART |b BIBART |d 2019-11-20 |h v.1 |i 1215728 |o 863 ISL 1978 |p 1215728 |r 2025-03-13 |w 2019-11-20 |y BK |k ART | ||
| 952 | |0 0 |1 0 |4 0 |6 863_000000000000000_ISL_1978 |7 0 |8 A |9 340345 |a BIBART |b BIBART |d 2019-11-20 |h v.2 |i 1215736 |o 863 ISL 1978 |p 1215736 |r 2025-03-13 |w 2019-11-20 |y BK |k ART | ||